Discographie de Jacob Collier - Statistiques

Statistiques générales
  • Ce quiz a été pris 4 fois
  • Le résultat moyen est 25 sur 66
Statistiques - réponses
% Correct
All Night Long
100%
Djesse
100%
Here Comes The Sun
100%
In My Room
100%
Mi Corazón
100%
Time Alone With You
100%
Djesse 4 100,000 voices
67%
Bridge Over Troubled Water
67%
Cinnamon Crush
67%
Don’t You Know
67%
Down The Line
67%
Every Little Thing She Does Is Magi
67%
Hajanga
67%
He Won't Hold You
67%
In My Bones
67%
Djesse 2 Intro
67%
Little Blue
67%
Magic
67%
Moon River
67%
Ocean Wide, Canyon Deep
67%
Overture
67%
Sleeping On My Dreams
67%
Summer Rain
67%
Time To Rest Your Weary Head
67%
World O World
67%
All I Need
33%
A Rock Somewhere
33%
Box Of Stars
33%
Djesse 3 CLARITY
33%
Count the People
33%
Dun Dun Ba Ba
33%
Feel
33%
Flintstones
33%
Hideaway
33%
Lua
33%
Make Me Cry
33%
Outro
33%
Saviour
33%
To Sleep
33%
WELLLL
33%
With the Love in My Heart
33%
Witness Me
33%
In My Room: Woke Up Today
33%
You And I
33%
All Around You
0%
Bakumbe
0%
Butterflies
0%
Do You Feel Love
0%
Everlasting Motion
0%
Djesse 1 Home is
0%
I Heard You Singing
0%
In The Real Early Morning
0%
In Too Deep
0%
It Don't Matter
0%
Light It Up On Me
0%
Nebaluyo
0%
Never Gonna Be Alone
0%
Now And Then When I Think About You
0%
Once You
0%
Over You
0%
Running Outta Love
0%
She Put Sunshine
0%
Sky Above
0%
Stars
0%
Wherever I Go
0%
Djesse 4 Delux Wild Wild Sea
0%
Aucun quiz correspondant
Distribution des résultats
% des personnes avec chaque résultat
Percentile par nombre de réponses
Votre historique - résultats
Vous n’avez pas pris ce quiz